000 00289nam a2200121Ia 4500
008 190216s9999||||xx |||||||||||||| ||und||
100 _aSwct Marden
245 0 _aHindi - Chinta Cbhodo Jeena Seekho
260 _bShnti Podeet Books
_c2001
300 _a121
650 _aHindi
942 _cBK
999 _c16148
_d16148